|
|
|
|
| LEADER |
01618nam a2200349 a 4500 |
| 001 |
16073507 |
| 008 |
130312s2010 dcua b i001 0 eng d |
| 010 |
|
|
|a 2010002326
|
| 020 |
|
|
|a 9780821381946
|
| 020 |
|
|
|a 0821381946
|
| 020 |
|
|
|a 9780821381953 (electronic)
|
| 020 |
|
|
|a 0821381954 (electronic)
|
| 040 |
|
|
|a DLC
|c DLC
|d BTCTA
|d YDXCP
|d C#P
|d BWX
|d CDX
|d DLC
|d BD-DhAAL
|
| 082 |
0 |
0 |
|a 307.1/4091724
|2 22
|
| 245 |
0 |
0 |
|a Local and community driven development :
|b moving to scale in theory and practice /
|c Hans P. Binswanger-Mkhize, Jacomina P. de Regt, Stephen Spector, editors.
|
| 260 |
|
|
|a Washington, D.C. :
|b World Bank,
|c c2010.
|
| 300 |
|
|
|a xxii, 248 p. :
|b ill. ;
|c 23 cm.
|
| 490 |
1 |
|
|a New frontiers of social policy
|
| 504 |
|
|
|a Includes bibliographical references and index.
|
| 541 |
1 |
|
|e 00026579
|
| 650 |
|
0 |
|a Community development
|z Developing countries.
|
| 650 |
|
0 |
|a Economic development
|z Developing countries.
|
| 650 |
|
0 |
|a Local government
|z Developing countries.
|
| 700 |
1 |
|
|a Binswanger-Mkhize, Hans P.,
|d 1943-
|
| 700 |
1 |
|
|a Regt, Jacomina P. de.
|
| 700 |
1 |
|
|a Spector, Stephen,
|d 1953-
|
| 710 |
2 |
|
|a World Bank.
|
| 830 |
|
0 |
|a New frontiers of social policy.
|
| 852 |
1 |
|
|a Ayesha Abed Library
|j General Shelf.
|
| 999 |
|
|
|c 13227
|d 13227
|
| 952 |
|
|
|0 0
|1 0
|2 ddc
|4 0
|6 307_140917240000000_LOC
|7 0
|9 22013
|a IGS
|b IGS
|c GEN
|d 2013-03-12
|e Karim International
|g 2558.00
|l 0
|o 307.14091724 LOC
|p 3010026579
|r 2013-03-12
|t 1
|w 2013-03-12
|y BK
|
| 952 |
|
|
|0 0
|1 0
|2 ddc
|4 0
|6 307_140917240000000_LOC
|7 0
|9 22014
|a IGS
|b IGS
|c GEN
|d 2013-03-12
|e Karim International
|g 2558.00
|l 0
|o 307.14091724 LOC
|p 3010026580
|r 2013-03-12
|t 2
|w 2013-03-12
|y BK
|